00445nam a2200181Ia 4500008004100000020001400041050001400055100001900069245003600088245002200124260001500146260001600161260000900177300001600186300002000202300001000222300003100232170918s9999 xx 000 0 und d a439850878 bC222 2005 aCanfield, Jack 4aThe book of christmas virtues / cby Jack Canfield. aNew York : bScholastic, c2005 a190 pages : billustrations ; c21cm. eChicken soup for the soul.